Capital goods from Holland (Record no. 539068)
[ view plain ]
| 000 -LEADER | |
|---|---|
| fixed length control field | 00609nam a2200217Ia 4500 |
| 003 - CONTROL NUMBER IDENTIFIER | |
| control field | OSt |
| 005 - DATE AND TIME OF LATEST TRANSACTION | |
| control field | 20220925201116.0 |
| 008 - FIXED-LENGTH DATA ELEMENTS--GENERAL INFORMATION | |
| fixed length control field | 220923b |||||||| |||| 00| 0 eng d |
| 037 ## - SOURCE OF ACQUISITION | |
| Terms of availability | General Book |
| 040 ## - CATALOGING SOURCE | |
| Original cataloging agency | RTL |
| Transcribing agency | RTL |
| Language of cataloging | eng |
| 041 ## - LANGUAGE CODE | |
| Source of code | eng |
| Language code of text/sound track or separate title | eng |
| 110 ## - MAIN ENTRY--CORPORATE NAME | |
| Corporate name or jurisdiction name as entry element | India, Commerce (M/o-) |
| 9 (RLIN) | 258312 |
| 245 #0 - TITLE STATEMENT | |
| Title | Capital goods from Holland |
| 260 ## - PUBLICATION, DISTRIBUTION, ETC. | |
| Place of publication, distribution, etc. | Delhi |
| Name of publisher, distributor, etc. | M O P India |
| Date of publication, distribution, etc. | 1948 |
| 700 ## - ADDED ENTRY--PERSONAL NAME | |
| Personal name | India, Commerce (M/o-) |
| 9 (RLIN) | 258313 |
| 942 ## - ADDED ENTRY ELEMENTS (KOHA) | |
| Classification part | X:546.5962Oj2, H8/GD |
| Koha item type | General Books |
| Source of classification or shelving scheme | Colon Classification (CC) |
No items available.
